Equipos más goleados por Messi - Estadísticas

Estadísticas generales
  • Esta prueba ha sido intentada 500 veces
  • La puntuación promedio es 7 de 10
Estadísticas de respuestas
Hint Respuesta % Correcto
26 Real Madrid
100%
32 Atletico de Madrid
95%
38 Sevilla
94%
31 Valencia
85%
26 Real betis
79%
29 Athletic de Bilbao
62%
21 Getafe
62%
25 Espanyol
61%
25 Osasuna
44%
24 Levante
37%
No se encontraron pruebas coincidentes
Distribución de puntuación
Porcentaje de gente con cada puntuación
Porcentaje por número respondido
Historial de tus puntuaciones
No has intentado esta prueba.